Bacteriophage ecology : population growth, evolution, and impact of bacterial viruses (Record no. 376922)

MARC details
000 -LEADER
fixed length control field 00700nam a2200205Ia 4500
008 - FIXED-LENGTH DATA ELEMENTS--GENERAL INFORMATION
fixed length control field 191130s2008##################000#0#eng##
020 ## - INTERNATIONAL STANDARD BOOK NUMBER
ISBN 9780521858458
082 ## - DEWEY DECIMAL CLASSIFICATION NUMBER
Classification number 579.2617 ABE
245 ## - TITLE STATEMENT
Title Bacteriophage ecology : population growth, evolution, and impact of bacterial viruses
Statement of responsibility, etc edited by Stephen T. Abedon
260 ## - PUBLICATION, DISTRIBUTION, ETC. (IMPRINT)
Place of publication Cambridge
Name of publisher Cambridge University Press
Year of publication 2008
300 ## - PHYSICAL DESCRIPTION
Number of Pages xviii, 508 p. : ill. (some col.) ; 24 cm
500 ## - GENERAL NOTE
General note Includes bibliographical references and index
650 ## - SUBJECT ADDED ENTRY--TOPICAL TERM
Topical Term Bacteriophages - Ecology
700 ## - ADDED ENTRY--PERSONAL NAME
Personal name Abedon, Stephen T
991 ## -
-- 234620
Holdings
Withdrawn status Lost status Damaged status Not for loan Home library Current library Shelving location Date acquired Full call number Accession Number Price effective from Koha item type
        Anna Centenary Library Anna Centenary Library 5TH FLOOR, A WING 17.10.2020 579.2617 ABE 96821 17.10.2020 English Books

Find us on the map